LEADER 01303nam a2200325 a 4500 001 000000129066 003 CaOOAMICUS 005 20120525121119.0 008 120525s2011 it u000 u ita r 020 $a978-88-372-2549-0 040 $aPUL$bita 082 04$a299.932 100 1 $aMagris, Aldo.$0(OLS)http://pul/name/12375 245 13$aLa logica del pensiero gnostico /$cAldo Magris. 250 $aSeconda edizione riveduta e ampliata. 260 $aBrescia :$bMorcelliana,$cİ2011. 300 $a527 p. ;$c23 cm 490 1 $aScienze e storia delle religioni. Nuova serie ;$v16 500 $aComprende indici. 504 $aBibliografia: p. [477]-496. 650 4$aGnosticismo.$0(OLS)http://pul/subject/5833 830 0$aScienze e storia delle religioni.$pNuova serie ;$v16.$0(OLS)http://pul/title/144146 850 $aPUL 852 $aPUL$W1$xSL Religione 3$y85$m299. 932 MAGAL 1$j149445$qDDC 21$B147982$CPULBib$Z2$F147982 $H119852 $82 941 1 $a9 996 $6020$a978-88-372-2549-0$9(OLS)http://pul/number/149818 996 $6082$a299.932$9(OLS)http://pul/classification/2276 996 $6245$aLa logica del pensiero gnostico$9(OLS)http://pul/title/163083 996 $6260$aBrescia :$bMorcelliana$9(OLS)http://pul/publisher/47854 LEADER 00966nam a2200253 u 4500 001 000000052411 003 CaOOAMICUS 005 20070226115439.0 008 001017s1972 it u000 u ita u 035 $a10858402 040 $aPUL(R)$bita 100 1 $aMirabelli, Cesare.$0(OLS)http://pul/name/26937 245 10$aInconsumazione del matrimonio e divorzio /$cCesare Mirabelli. 260 $aPadova :$bCEDAM,$c1972. 300 $aP. [287]-314 ;$c25 cm 500 $a"Estratto da: Studi sul divorzio". 504 $aBibliografia in nota. 650 4$aDivorzio$zItalia.$0(OLS)http://pul/subject/16364 850 $aPUL 852 $aPUL$W1$xDP1 Fondo Ciprotti$y59$m1544 E 41$j69316$nBK-PRI$b $qFondi$B69316$CPULBib$Z2$F69316 $H $81 941 1 $a1 961 $aINV: F. Ciprotti 996 $6245$aInconsumazione del matrimonio e divorzio$9(OLS)http://pul/title/70320 996 $6260$aPadova :$bCEDAM$9(OLS)http://pul/publisher/48126